Computer-based intelligent educational program for teaching chemistry

Improving problem-solving skills is a basic requirement in present education. Logic programming languages, often used in the area of artificial intelligence and expert systems, are very much suitable for developing problemsolving skills. This paper presents a computer-based tool for solving differen...

Teljes leírás

Elmentve itt :
Bibliográfiai részletek
Szerzők: Pántya Róbert
Zsakó László
Testületi szerző: Symposium of Young Scientists on Intelligent Systems (2.) (2007) (Budapest)
Dokumentumtípus: Cikk
Megjelent: 2008
Sorozat:Acta cybernetica 18 No. 4
Kulcsszavak:Számítástechnika, Kibernetika
Tárgyszavak:
Online Access:http://acta.bibl.u-szeged.hu/12837
LEADER 01607nab a2200241 i 4500
001 acta12837
005 20220616154243.0
008 161015s2008 hu o 0|| eng d
022 |a 0324-721X 
040 |a SZTE Egyetemi Kiadványok Repozitórium  |b hun 
041 |a eng 
100 1 |a Pántya Róbert 
245 1 0 |a Computer-based intelligent educational program for teaching chemistry  |h [elektronikus dokumentum] /  |c  Pántya Róbert 
260 |c 2008 
300 |a 595-613 
490 0 |a Acta cybernetica  |v 18 No. 4 
520 3 |a Improving problem-solving skills is a basic requirement in present education. Logic programming languages, often used in the area of artificial intelligence and expert systems, are very much suitable for developing problemsolving skills. This paper presents a computer-based tool for solving different chemical problems (calculation of quantum numbers, description of electron configurations of atoms, determination of oxidation numbers and electronegativity), which uses the logic programming language Prolog. The authors argue that this intelligent educational material does not only improve chemistry education but it also inspires students to create rule-based systems when they face various problems of everyday life. 
650 4 |a Természettudományok 
650 4 |a Számítás- és információtudomány 
695 |a Számítástechnika, Kibernetika 
700 0 1 |a Zsakó László  |e aut 
710 |a Symposium of Young Scientists on Intelligent Systems (2.) (2007) (Budapest) 
856 4 0 |u http://acta.bibl.u-szeged.hu/12837/1/Pantya_2008_ActaCybernetica.pdf  |z Dokumentum-elérés